LEADER 01408nam a2200289 i 4500 001 000000151738 003 CaOOAMICUS 005 20220520103455.0 008 060818s1963 it u000 u ita u 013 $a129077 040 $aSeMil$bita 100 1 $aRousseau, Jean-Jacques,$d<1712-1778>.$0(OLS)http://semarc/name/1179 240 10$aÉmile, ou De l'éducation.$0(OLS)http://semarc/title/323047 245 10$aEmilio e altri scritti pedagogici /$cJ. J. Rousseau ; traduzione integrale di L. De Anna ; introduzione e note di G. Calò e L. De Anna. 264 1$aFirenze :$bSansoni,$cstampa 1963. 300 $aLVI, 556 p. ;$c21 cm. 490 1 $aBiblioteca pedagogica. 1, Educatori e pedagogisti italiani e stranieri 650 4$aRousseau, Jean-Jacques <1712-1778> . Émile.$0(OLS)http://semarc/subject/485 700 1 $aCalò, Giovanni,$d<1882-1970>.$0(OLS)http://semarc/name/7466 700 1 $aDe Anna, Luigi.$0(OLS)http://semarc/name/59587 830 0$aBiblioteca pedagogica. 1, Educatori e pedagogisti italiani e stranieri.$0(OLS)http://semarc/title/21403 850 $aSeMil 852 $aSeMil$W1$xVenegono$y1$m2P IV 618$j103721$B103721$CSeMilBibl$Z2$F113724 $81 961 $aLascito: Gogna prof.ssa Silvia 996 $6245$aEmilio e altri scritti pedagogici$9(OLS)http://semarc/title/221745 996 $6264$aFirenze :$bSansoni$9(OLS)http://semarc/publisher/29843 LEADER 01348nam a2200241 i 4500 001 000000226504 003 CaOOAMICUS 005 20240613133123.0 008 140124s1768 fr u000 u lat u 013 $a205406 026 $asaat e.us s.a- gece (3) 1768 (R) 040 $aSeMil$bita 245 10$aDefensio declarationis conventus cleri Gallicani an. 1682. De ecclesiastica potestate. Auctore illustrissimo ac reverendissimo D. Jacobo-Benigno Bossuet, episcopo Meldensi, cum nonnullis notis. Tome 17: Primus Defensionis, &c. 300 $axxxix, [1], 645, [3] p. 500 $aSegn.: a4 b-c8 A-2R8 2S4 541 0 $aFondo Bidoglio 773 0 $aBossuet, Jacques-Bénigne $tOeuvres de messire Jacques-Benigne Bossuet, évêque de Meaux, conseiller du roi en ses conseils ... Tome 1. [-22.].$dA Liège : Chez Libraires Associés, 1766-1768.$g17$w()7552 850 $aSeMil 852 $aSeMil$W1$xVenegono$y1$m2F VII 17 FA$j176850$B176850$CSeMilBibl$Z2$F187771 $8I 941 1 $a2 961 $aLascito: Bidoglio don Maurizio 996 $6245$aDefensio declarationis conventus cleri Gallicani an. 1682. De ecclesiastica potestate. Auctore illustrissimo ac reverendissimo D. Jacobo-Benigno Bossuet, episcopo Meldensi, cum nonnullis notis. Tome 17: Primus Defensionis, &c$9(OLS)http://semarc/title/324311